Florence Nightingale, 1820-1910 / (Record no. 9452)
[ view plain ]
| 000 -LEADER | |
|---|---|
| fixed length control field | 00872nam a2200277 a 4500 |
| 001 - CONTROL NUMBER | |
| JCCL Control Number | 9452 |
| 003 - CONTROL NUMBER IDENTIFIER | |
| JCCL marc code | BD-JhCC |
| 005 - DATE AND TIME OF LATEST TRANSACTION | |
| control field | 20180314163519.0 |
| 008 - FIXED-LENGTH DATA ELEMENTS--GENERAL INFORMATION | |
| fixed length control field | 180314s19521950enk 001 0beng d |
| 035 ## - SYSTEM CONTROL NUMBER | |
| system control number | (BD-JhCC)9452 |
| 040 ## - CATALOGING SOURCE | |
| Original cataloging agency | BD-JhCC |
| Modifying agency | BD-JhCC |
| 041 ## - LANGUAGE CODE | |
| Language code of Book | eng |
| 082 ## - DEWEY DECIMAL CLASSIFICATION NUMBER | |
| Classification number | 610.73092 |
| Author mark and Year | SMI 1964 |
| 100 1# - MAIN ENTRY--PERSONAL NAME | |
| Personal name | Woodham Smith, Cecil, |
| Dates associated with a name | 1896-1977 |
| 245 10 - TITLE STATEMENT | |
| Title | Florence Nightingale, 1820-1910 / |
| Statement of responsibility, etc | Cecil Woodham-Smith |
| 260 ## - PUBLICATION, DISTRIBUTION, ETC. (IMPRINT) | |
| Place of publication, distribution, etc | London : |
| Name of publisher, distributor, etc | Reprint Society, |
| Date of publication, distribution, etc | 1952 |
| 300 ## - PHYSICAL DESCRIPTION | |
| Pagination | 450 p., [4] leaves of plates : |
| Other physical details | ill. ; |
| Dimensions | 19 cm |
| 500 ## - GENERAL NOTE | |
| General note | Includes bibliography and index |
| 500 ## - GENERAL NOTE | |
| General note | First published: London : Constable, 1950 |
| 504 ## - BIBLIOGRAPHY, ETC. NOTE | |
| Bibliography, etc | Includes Index |
| 600 10 - SUBJECT ADDED ENTRY--PERSONAL NAME | |
| Personal name | Nightingale, Florence, |
| Dates associated with a name | 1820-1910. |
| 650 #0 - SUBJECT ADDED ENTRY--TOPICAL TERM | |
| Topical term or geographic name as entry element | Nurse administrators |
| Geographic subdivision | Great Britain |
| Form subdivision | Biography. |
| 700 1# - ADDED ENTRY--PERSONAL NAME | |
| Personal name | Nightingale, Florence, |
| Dates associated with a name | 1820-1910. |
| 942 ## - ADDED ENTRY ELEMENTS (KOHA) | |
| Source of classification or shelving scheme | Dewey Decimal Classification |
| Koha item type | Books |
| Source of classification or shelving scheme | Damaged status | Not for loan | Home library | Current library | Shelving location | Date of accession | Total Checkouts | Full call number | Barcode | Date last seen | Copy number | Koha item type |
|---|---|---|---|---|---|---|---|---|---|---|---|---|
| Dewey Decimal Classification | JCC Rouf Library | JCC Rouf Library | General Stacks | 03/14/2018 | 610.73092 SMI 1964 | 11808 | 03/14/2018 | C-1 | Books |